Normal view
MARC view
- Gujrāwāla District (Pakistan)
Entry Geographic Name
001 - CONTROL NUMBER
- control field: 3761
003 - CONTROL NUMBER IDENTIFIER
- control field: NUST
005 - DATE AND TIME OF LATEST TRANSACTION
- control field: 20170806143555.0
008 - FIXED-LENGTH DATA ELEMENTS
- fixed length control field: 170806|| aca||aabn | a|a d
040 ## - CATALOGING SOURCE
- Original cataloging agency: NUST
- Transcribing agency: NUST
151 ## - HEADING--GEOGRAPHIC NAME
- Geographic name: Gujrāwāla District (Pakistan)
- General subdivision: Antiquities.
670 ## - SOURCE DATA FOUND
- Source citation: Work cat.: (NUST)0: Rashid, Salman, 1952- 3759, Gujranwala, the glory that was /, 1992.
